000 00289nam a2200121Ia 4500
008 190216s9999||||xx |||||||||||||| ||und||
100 _aFiraq Gorapuri
245 0 _aHindi-Hazar She`R Firaq Ke
260 _bNathya India Publishers
_c2007
300 _a126
650 _aHindi
942 _cBK
999 _c16629
_d16629